Primates - Sudden Death - Statistics

General Stats
  • This quiz has been taken 2,668 times
  • The average score is 10 of 16
Answers on the Grid
Answers color-coded by a green-red scale on the quiz's grid according to % correct below.
Armadillo
Avocet
Aye-aye
Baboon
Barbary macaque
Bonobo
Bushmaster
Chimpanzee
Common marmoset
Dugong
Ferret
Gelada
Giant anteater
Gibbon
Golden lion tamarin
Harvest mouse
Howler monkey
Hyrax
Jackdaw
Mandrill
Marmot
Mountain gorilla
Muntjac
Okapi
Orangutan
Raccoon
Ring-tailed lemur
Slow loris
Sturgeon
Tarsier
Weasel
Wolverine
 
Answer Stats
Answer % Correct
Chimpanzee
85%
Orangutan
85%
Baboon
84%
Mountain gorilla
83%
Howler monkey
81%
Gibbon
79%
Bonobo
74%
Barbary macaque
67%
Ring-tailed lemur
67%
Mandrill
63%
Golden lion tamarin
59%
Common marmoset
48%
Aye-aye
43%
Slow loris
42%
Tarsier
39%
Gelada
20%
No matching quizzes found
Score Distribution
Percent of People with Each Score
Percentile by Number Answered
Your Score History
You have not taken this quiz